• 首页
  • 本馆介绍
  • 公告通知
  • 最新文献
  • 馆藏检索
  • 电子资源
  • 读者导购
  • 参考咨询
  • 我的图书馆
  • 登录
  • 详细信息显示
  • 放入我的书架
  • 预约/预借图书
  • 作者相关作品
  • 分类相关作品
  • 丛书相关作品
  • 出版社相关作品

书目信息

  • 表格格式
  • 工作单格式
  • 卡片格式
题名:
水文与水资源勘测研究和节约合理利用水资源
    
 
作者: 陈云 , 陈熙 , 张利敏 著
分册:  
出版信息: 长春   吉林科学技术出版社  2022.08
页数: 284页
开本: 26cm
丛书名:
单 册:
中图分类: P332 , TV213.4
科图分类:
主题词: 水文观测--shui wen guan ce , 水资源管理--shui zi yuan guan li
电子资源:
ISBN: 978-7-5578-9389-7
000 01126nam0 2200289 450
001 CAL 012022036810
005 20230217093112.0
010    @a978-7-5578-9389-7@dCNY58.00
100    @a20221020d2022 em y0chiy0120 ea
101 0  @achi
102    @aCN@b220000
105    @aak a 000yy
106    @ar
200 1  @a水文与水资源勘测研究和节约合理利用水资源@Ashui wen yu shui zi yuan kan ce yan jiu he jie yue he li li yong shui zi yuan@f陈云, 陈熙, 张利敏著
210    @a长春@c吉林科学技术出版社@d2022.08
215    @a284页@c图@d26cm
320    @a有书目 (第283-284页)
330    @a本书介绍了水文与水资源的基础知识, 水文要素的观测和资料整理方法、年径流与洪水的计算方法及水库的调节计算方法。包括水文水资源基础知识, 水文资料的收集、地表水源的分析计算、设计洪水的计算、水库兴利调节计算、水库防洪调节计算等内容。
606 0  @a水文观测@Ashui wen guan ce
606 0  @a水资源管理@Ashui zi yuan guan li
690    @aP332@v5
690    @aTV213.4@v5
701  0 @a陈云@Achen yun@4著
701  0 @a陈熙@Achen xi@4著
701  0 @a张利敏@Azhang li min@4著
801  0 @aCN@bBJXHZP@c20230228
905    @b1386052-5@dP332@e185@f4
    
    水文与水资源勘测研究和节约合理利用水资源/陈云, 陈熙, 张利敏著.-长春:吉林科学技术出版社,2022.08
    284页:图;26cm
    
    
    ISBN 978-7-5578-9389-7:CNY58.00
    本书介绍了水文与水资源的基础知识, 水文要素的观测和资料整理方法、年径流与洪水的计算方法及水库的调节计算方法。包括水文水资源基础知识, 水文资料的收集、地表水源的分析计算、设计洪水的计算、水库兴利调节计算、水库防洪调节计算等内容。
●
相关链接 在E读中查询图书 在五车中查询图书 在当当中查询图书 在豆瓣中查询图书


正题名:水文与水资源勘测研究和节约合理利用水资源     索取号:P332/185         预约/预借

序号 登录号 条形码 馆藏地/架位号 状态 备注
1 1386052   213860525   第二样本阅览室/ [索取号:P332/185] 在馆    
2 1386053   213860534   第三借阅区/ [索取号:P332/185] 在馆    
3 1386054   213860543   第三借阅区/ [索取号:P332/185] 在馆    
4 1386055   213860552   第三借阅区/ [索取号:P332/185] 在馆    
唐山师范学院图书馆 欢迎您!
大连网信软件有限公司© 版权所有